Fast-Paced Geography Quiz - Statistics

General Stats
  • This quiz has been taken 29 times
  • The average score is 7 of 10
Answer Stats
Hint Answer % Correct
Only country that borders Portugal Spain
100%
Newest country (Hint: gained independence in 2011) South Sudan
92%
Island where Brunei is Borneo
81%
How many countries end in stan(type the number in letters) Seven
77%
Capital of Uzbekistan Tashkent
73%
Island that Indonesia and PapuaNew Guinea share New guinea
65%
Language of Turkmenistan Turkmen
65%
Capital of above country Juba
62%
Capital of Christianity Vatican City
62%
Longest one-word countryname Liechtenstein
27%
No matching quizzes found
Score Distribution
Percent of People with Each Score
Percentile by Number Answered
Your Score History
You have not taken this quiz